[Event "Titled Tue 26th Aug Early"]
[Site "chess.com INT"]
[Date "2025.08.26"]
[Round "10"]
[White "Foldes, Marton Gabor"]
[Black "Kaufman, David"]
[Result "1-0"]
[WhiteTitle "FM"]
[BlackTitle "IM"]
[WhiteElo "2293"]
[BlackElo "2447"]
[WhiteFideId "794708"]
[BlackFideId "34220194"]
[EventDate "2025.08.26"]

1. e4 c5 2. Nf3 d6 3. Nc3 Nf6 4. e5 dxe5 5. Nxe5 a6 6. g3 Qc7 7. d4 cxd4 8. Qxd4
Nc6 9. Nxc6 Qxc6 10. Bg5 Qxh1 11. O-O-O Bd7 12. Bxf6 O-O-O 13. Be5 f6 14. Nd5
fxe5 15. Qxe5 Qxd5 16. Qxd5 e6 17. Qc4+ Kb8 18. Bh3 Be7 19. Bxe6 Bc6 20. Bd5 Bb5
21. Qf4+ Bd6 22. Qg5 g6 23. c4 Ba4 24. b3 Ba3+ 25. Kc2 Bd7 26. Qe5+ Ka8 27. Qc7
Bf5+ 28. Kc3 Rb8 29. Qb6 1-0

[Event "Titled Tue 26th Aug Early"]
[Site "chess.com INT"]
[Date "2025.08.26"]
[Round "10"]
[White "Vlassov, Nikolai"]
[Black "Krsnik Cohar, Ivan Vihor"]
[Result "0-1"]
[WhiteTitle "IM"]
[BlackTitle "FM"]
[WhiteElo "2301"]
[BlackElo "2362"]
[WhiteFideId "4103360"]
[BlackFideId "14520044"]
[EventDate "2025.08.26"]

1. e4 d5 2. exd5 Qxd5 3. Nc3 Qe5+ 4. Be2 c6 5. d4 Qc7 6. Nf3 Bf5 7. Ne5 Nd7 8.
Bf4 Nxe5 9. Bxe5 Qa5 10. O-O e6 11. a3 Nf6 12. b4 Qd8 13. b5 Bd6 14. bxc6 bxc6
15. Bf3 O-O 16. Bxd6 Qxd6 17. Na4 Rab8 18. Re1 Rfd8 19. c3 h6 20. Nc5 Nd7 21.
Ne4 Bxe4 22. Bxe4 c5 23. Qa4 Qc7 24. Rad1 Nb6 25. Qa6 cxd4 26. cxd4 Rd7 27. Bb1
Rbd8 28. Qd3 g6 29. Qe3 Kg7 30. h4 h5 31. Ba2 Nd5 32. Bxd5 Rxd5 33. Re2 Qe7 34.
Red2 Qxh4 35. g3 Qf6 36. Kg2 a5 37. a4 Qe7 38. Qb3 Qd7 39. Kg1 e5 40. Rd3 exd4
41. Qc4 Qg4 42. Kg2 h4 43. Rf3 h3+ 0-1

[Event "Titled Tue 26th Aug Early"]
[Site "chess.com INT"]
[Date "2025.08.26"]
[Round "10"]
[White "Goncharov, Vladimir"]
[Black "Zampronha, Wladimir Camilo"]
[Result "1-0"]
[WhiteElo "2077"]
[BlackElo "2157"]
[WhiteFideId "34162256"]
[BlackFideId "2103087"]
[EventDate "2025.08.26"]

1. d4 Nf6 2. c4 e6 3. Nf3 Bb4+ 4. Nbd2 d5 5. g3 O-O 6. Qc2 b6 7. Bg2 Ba6 8. O-O
Bxd2 9. Nxd2 c6 10. e3 Nbd7 11. b4 Qe7 12. a4 Rfc8 13. Ba3 b5 14. axb5 cxb5 15.
c5 Bb7 16. Qb1 a6 17. Bb2 Nb8 18. Bc3 Nc6 19. h3 Re8 20. f4 Rad8 21. g4 Nd7 22.
Qd3 Kh8 23. Rae1 f5 24. gxf5 exf5 25. Qxf5 Nf6 26. Qg5 Bc8 27. f5 Qf7 28. h4 Ne4
29. Nxe4 dxe4 30. d5 Ne5 31. Bxe5 h6 32. Qxh6+ Kg8 33. Qf4 Qxd5 34. Bd4 Rf8 35.
Qg3 Rd7 36. Rf4 Rdf7 37. Bxe4 Qc4 38. Ref1 Qxb4 39. f6 Re8 40. Qg6 Rxe4 41. Qxe4 1-0

[Event "Titled Tue 26th Aug Early"]
[Site "chess.com INT"]
[Date "2025.08.26"]
[Round "10"]
[White "Osetrov, Dmitrij"]
[Black "Swayham, P Das"]
[Result "1-0"]
[WhiteTitle "CM"]
[BlackTitle "CM"]
[WhiteElo "2202"]
[BlackElo "2047"]
[WhiteFideId "44139713"]
[BlackFideId "25611402"]
[EventDate "2025.08.26"]

1. d4 f5 2. c4 Nf6 3. Nf3 e6 4. g3 d5 5. Bg2 Bd6 6. O-O O-O 7. b3 c6 8. Ba3 Bxa3
9. Nxa3 b6 10. Nc2 Bb7 11. Nce1 Nbd7 12. Rc1 Ne4 13. Nd3 Qe7 14. Qc2 Rac8 15.
Qb2 Kh8 16. Nfe5 Nxe5 17. Nxe5 Rfd8 18. c5 bxc5 19. dxc5 Ba6 20. Rfe1 Kg8 21.
Qa3 Bb5 22. b4 Nd2 23. Qc3 Nc4 24. e3 a5 25. Nxc4 Bxc4 26. bxa5 Qxc5 27. Bf1 Ra8
28. Bxc4 dxc4 29. Qxc4 Qxc4 30. Rxc4 Rxa5 31. Rxc6 Kf7 32. Re2 Rd1+ 33. Kg2 Ra1
34. Rb2 R1xa2 35. Rb7+ Kf6 36. Rbb6 Re5 37. Kf3 Re4 38. h4 h6 39. h5 Ra1 40. Rc7
Rh1 41. Rbb7 Rxh5 42. Rxg7 Rc4 43. Rgf7+ Ke5 44. Rb5+ Kd6 45. Rb6+ Ke5 46. Re7
Kf6 47. Rexe6+ Kf7 48. Rf6+ Ke7 49. Rxh6 Rg5 50. Rh7+ Kd8 51. Rb8+ Rc8 52. Rh8+ 1-0

[Event "Titled Tue 26th Aug Early"]
[Site "chess.com INT"]
[Date "2025.08.26"]
[Round "10"]
[White "Kurpiewski, Slawomir"]
[Black "Li, Yilin"]
[Result "0-1"]
[WhiteTitle "CM"]
[BlackTitle "WFM"]
[WhiteElo "1973"]
[BlackElo "1921"]
[WhiteFideId "1114530"]
[BlackFideId "8610410"]
[EventDate "2025.08.26"]

1. f4 d5 2. Nf3 c5 3. g3 Nc6 4. Bg2 f6 5. d3 e5 6. O-O Bd6 7. Nc3 Nge7 8. e4 d4
9. Ne2 O-O 10. f5 b5 11. g4 c4 12. g5 Bb7 13. Qe1 Nb4 14. Qd2 cxd3 15. cxd3 Rc8
16. Ne1 fxg5 17. Qxg5 Nc2 18. Nxc2 Rxc2 19. Qg4 Kh8 20. Ng3 Ng8 21. Bg5 Qd7 22.
Rf3 Be7 23. Bxe7 Qxe7 24. Nh5 Nf6 25. Nxf6 Qxf6 26. Rg3 Rxb2 27. Rc1 Rc8 28.
Rxc8+ Bxc8 29. Qh5 Bd7 30. Rg6 Qf7 31. Qh4 h6 32. Ra6 Rb1+ 33. Kf2 Bxf5 34. exf5
Qxf5+ 35. Kg3 Qxd3+ 36. Bf3 Rg1+ 37. Kh3 Qxf3+ 38. Qg3 Rxg3+ 39. hxg3 Qf5+ 40.
g4 Qf3+ 41. Kh4 Kh7 42. g5 Qf4+ 43. Kh3 Qxg5 44. Rxa7 e4 45. a4 e3 46. axb5 Qxb5
47. Re7 Qf5+ 48. Kg3 Qg5+ 49. Kf3 Qxe7 50. Ke2 d3+ 51. Ke1 e2 52. Kd2 e1=Q+ 53.
Kxd3 Q7e3+ 54. Kc4 Q1c1+ 55. Kd5 Qcc3 56. Kd6 Qee5+ 57. Kd7 Qcc7# 0-1

[Event "Titled Tue 26th Aug Early"]
[Site "chess.com INT"]
[Date "2025.08.26"]
[Round "10"]
[White "Durarbayli, Vasif"]
[Black "Sindarov, Javokhir"]
[Result "1-0"]
[WhiteTitle "GM"]
[BlackTitle "GM"]
[WhiteElo "2612"]
[BlackElo "2722"]
[WhiteFideId "13402935"]
[BlackFideId "14205483"]
[EventDate "2025.08.26"]

1. e4 e5 2. Nf3 Nc6 3. d4 exd4 4. Nxd4 Nf6 5. Nxc6 bxc6 6. e5 Qe7 7. Qe2 Nd5 8.
h4 a5 9. c4 Ba6 10. Rh3 Nb6 11. b3 Qe6 12. Bb2 a4 13. Nd2 Bb4 14. O-O-O axb3 15.
axb3 O-O 16. Ne4 Bb7 17. Ng5 Qh6 18. Kb1 Ba3 19. Bc3 Be7 20. Qc2 c5 21. Bd3 g6
22. f4 Rfb8 23. h5 gxh5 24. Rdh1 Bxg5 25. Rxh5 Qe6 26. Rxg5+ Kf8 27. f5 Qc6 28.
Rxh7 d5 29. f6 Ke8 30. Bf5 1-0

[Event "Titled Tue 26th Aug Early"]
[Site "chess.com INT"]
[Date "2025.08.26"]
[Round "10"]
[White "Lemos, Dawton Almino"]
[Black "Willim, Michael"]
[Result "1-0"]
[WhiteTitle "FM"]
[BlackTitle "CM"]
[WhiteElo "2172"]
[BlackElo "2023"]
[WhiteFideId "2146797"]
[BlackFideId "4632435"]
[EventDate "2025.08.26"]

1. e4 e6 2. d3 d5 3. Nd2 Nf6 4. Ngf3 Nc6 5. Be2 a5 6. O-O Bc5 7. exd5 exd5 8. c3
d4 9. c4 O-O 10. Re1 h6 11. b3 Bf5 12. a3 Re8 13. Nf1 Qd7 14. Ng3 Bg6 15. Bd2
Re7 16. Qb1 Rae8 17. b4 axb4 18. axb4 Bd6 19. Bf1 Rxe1 20. Nxe1 Ne5 21. c5 Bf8
22. Qb3 Qf5 23. Nxf5 Bxf5 24. Bf4 g5 25. Bxe5 Rxe5 26. Nf3 Rd5 27. Ra8 Kg7 28.
Qd1 Bg4 29. h3 Bh5 30. Qe2 b6 31. cxb6 cxb6 32. Qb2 g4 33. hxg4 Bxg4 34. Nxd4
Bd6 35. Nc2 Rh5 36. g3 Be5 37. d4 Bd6 38. Bg2 1-0

[Event "Titled Tue 26th Aug Early"]
[Site "chess.com INT"]
[Date "2025.08.26"]
[Round "10"]
[White "Srihari, L"]
[Black "Liu, Casper"]
[Result "1-0"]
[WhiteTitle "IM"]
[BlackTitle "FM"]
[WhiteElo "2368"]
[BlackElo "2361"]
[WhiteFideId "46642056"]
[BlackFideId "1454153"]
[EventDate "2025.08.26"]

1. c4 g6 2. Nc3 Bg7 3. d4 Nf6 4. e4 d6 5. Be2 O-O 6. Be3 Nc6 7. Nf3 e5 8. d5 Ne7
9. Nd2 Ne8 10. c5 f5 11. f3 f4 12. Bf2 g5 13. h3 h5 14. Nc4 Ng6 15. Rc1 Rf7 16.
b4 Nf6 17. a4 Bf8 18. Nb5 g4 19. hxg4 hxg4 20. cxd6 cxd6 21. Nxa7 gxf3 22. gxf3
Bd7 23. a5 Qb8 24. Rg1 Rg7 25. Nb6 Rxa7 26. Qc2 Bh3 27. Rh1 Bd7 28. Qc7 Qxc7 29.
Rxc7 Be8 30. Rc8 Ne7 31. Rd8 Bh5 32. Bh4 Kf7 33. Bxf6 Rg8 34. Rxh5 Kxf6 35.
Rxd6+ Kf7 36. Rd8 Rg1+ 37. Kf2 Rb1 38. d6 Ng6 39. Rh7+ Kg8 40. Rc7 Rxb4 41. Nd5
Rd4 42. Nf6+ Kh8 43. Rh7# 1-0

[Event "Titled Tue 26th Aug Early"]
[Site "chess.com INT"]
[Date "2025.08.26"]
[Round "10"]
[White "Hobaica, Juan Pablo"]
[Black "Murthy, Pappu"]
[Result "1-0"]
[WhiteTitle "IM"]
[WhiteElo "2386"]
[BlackElo "1836"]
[WhiteFideId "104159"]
[BlackFideId "2013401"]
[EventDate "2025.08.26"]

1. e4 e5 2. Nf3 Nc6 3. d4 exd4 4. Nxd4 Nf6 5. Nc3 Bb4 6. Nxc6 bxc6 7. Bd3 d5 8.
exd5 O-O 9. O-O Bg4 10. f3 Bh5 11. dxc6 Qd4+ 12. Kh1 Bxc3 13. bxc3 Qxc3 14. Bf4
Qxc6 15. Qe1 Rfe8 16. Qg3 Bg6 17. Bxc7 Bxd3 18. cxd3 Rac8 19. Rac1 Qa6 20. Be5
g6 21. d4 Nh5 22. Qg4 h6 23. f4 Rxc1 24. Rxc1 Qxa2 25. f5 Qd2 26. Rf1 Qg5 27.
Qxg5 hxg5 28. fxg6 fxg6 29. Ra1 Rc8 30. g4 Nf4 31. h4 Rc2 32. hxg5 Nh3 33. Rxa7
Nf2+ 34. Kg1 Nxg4 35. Rg7+ Kf8 36. Rxg6 Re2 37. Bf6 Kf7 38. Rg7+ Ke6 39. Re7+ 1-0

[Event "Titled Tue 26th Aug Early"]
[Site "chess.com INT"]
[Date "2025.08.26"]
[Round "10"]
[White "Matveeva, Olga"]
[Black "Devaev, Alexander"]
[Result "1-0"]
[WhiteTitle "WIM"]
[BlackTitle "FM"]
[WhiteElo "2132"]
[BlackElo "2306"]
[WhiteFideId "24107018"]
[BlackFideId "4169395"]
[EventDate "2025.08.26"]

1. d4 Nf6 2. c4 e6 3. g3 c5 4. d5 d6 5. Nc3 exd5 6. cxd5 g6 7. Bg2 Bg7 8. Nf3
O-O 9. O-O b6 10. h3 Re8 11. Re1 Nbd7 12. e4 Nh5 13. Nb5 Ne5 14. Nxe5 Bxe5 15.
f4 Bg7 16. g4 a6 17. Nxd6 Qxd6 18. e5 Qd8 19. gxh5 Bf5 20. d6 Qd7 21. Qf3 Rac8
22. Be3 b5 23. Rad1 c4 24. hxg6 hxg6 25. Kh2 c3 26. bxc3 Rxc3 27. Rc1 Rec8 28.
Rxc3 Rxc3 29. Rc1 b4 30. Qe2 g5 31. Bd2 Rxc1 32. Bxc1 gxf4 33. Bxf4 a5 34. Qc4
Be6 35. Qc6 Qa7 36. Qe8+ Kh7 37. Be4+ 1-0

[Event "Titled Tue 26th Aug Early"]
[Site "chess.com INT"]
[Date "2025.08.26"]
[Round "10"]
[White "Berikkyzy Alanna"]
[Black "Torres Rebolledo, Alvaro"]
[Result "0-1"]
[WhiteTitle "WFM"]
[BlackTitle "FM"]
[WhiteElo "2162"]
[BlackElo "2327"]
[WhiteFideId "13780719"]
[BlackFideId "54587670"]
[EventDate "2025.08.26"]

1. e4 c6 2. Nf3 g6 3. d4 Bg7 4. c4 d5 5. e5 Nh6 6. Nc3 O-O 7. Be2 f6 8. exf6
exf6 9. O-O Be6 10. cxd5 cxd5 11. Bf4 Nc6 12. Re1 Bf7 13. h3 Nf5 14. Qd2 Rc8 15.
Rac1 Qb6 16. Nb5 Rfd8 17. g4 a6 18. gxf5 axb5 19. fxg6 hxg6 20. Bg3 b4 21. Bf1
b3 22. a3 Na5 23. Re7 Nc4 24. Bxc4 dxc4 25. Qc3 Re8 26. Rce1 Rxe7 27. Rxe7 Bd5
28. Nh4 Qc6 29. Nxg6 Re8 30. Qe3 Bf7 31. Rxe8+ Qxe8 32. Ne7+ Kh7 33. d5 c3 34.
bxc3 b2 35. Qe1 Qxe7 36. Qb1+ Bg6 37. Qxb2 Qe1+ 38. Kh2 Be4 0-1

[Event "Titled Tue 26th Aug Early"]
[Site "chess.com INT"]
[Date "2025.08.26"]
[Round "10"]
[White "Karamsetty, Jeevan"]
[Black "Molina, Roberto Junio Brito"]
[Result "0-1"]
[WhiteTitle "FM"]
[BlackTitle "IM"]
[WhiteElo "2244"]
[BlackElo "2378"]
[WhiteFideId "2025337"]
[BlackFideId "2109450"]
[EventDate "2025.08.26"]

1. e4 c6 2. d4 d5 3. exd5 cxd5 4. Bd3 Nc6 5. c3 g6 6. Nf3 Bf5 7. O-O Bh6 8. Bxf5
gxf5 9. Bxh6 Nxh6 10. Qd2 Ng4 11. Qg5 e6 12. h3 Qxg5 13. Nxg5 Nf6 14. Nd2 h6 15.
Ngf3 Ne4 16. Nxe4 fxe4 17. Nd2 f5 18. Rae1 Kd7 19. f3 Raf8 20. fxe4 fxe4 21. Nb3
b6 22. Kh2 Kd6 23. Nd2 b5 24. Nb3 e5 25. dxe5+ Kxe5 26. Nc5 Kd6 27. Nb3 a6 28.
g4 Ne5 29. Kg3 Nd3 30. Rxf8 Rxf8 31. Re2 Rf3+ 32. Kh4 Nf4 33. Rh2 e3 34. Nd4 Rf2
35. Kg3 Rxh2 36. Kxh2 e2 37. Nf3 Nd3 38. Kg3 e1=Q+ 39. Nxe1 Nxe1 40. Kh4 Ng2+
41. Kh5 Nf4+ 42. Kxh6 Nxh3 43. g5 Nf4 44. g6 Nxg6 45. Kxg6 Ke5 46. Kg5 b4 47.
Kg4 bxc3 48. bxc3 Ke4 49. a4 Kd3 50. Kf3 Kxc3 51. Ke2 a5 52. Kd1 Kd3 53. Ke1 Kc2
54. Ke2 d4 0-1

[Event "Titled Tue 26th Aug Early"]
[Site "chess.com INT"]
[Date "2025.08.26"]
[Round "10"]
[White "Thet Naung"]
[Black "Zouaghi, Amir"]
[Result "0-1"]
[WhiteTitle "FM"]
[BlackTitle "FM"]
[WhiteElo "2267"]
[BlackElo "2301"]
[WhiteFideId "13004093"]
[BlackFideId "249262"]
[EventDate "2025.08.26"]

1. e4 e5 2. Nf3 Nc6 3. d4 d6 4. Bb5 exd4 5. Nxd4 Bd7 6. O-O Nxd4 7. Bxd7+ Qxd7
8. Qxd4 Ne7 9. Nc3 Nc6 10. Qa4 O-O-O 11. Be3 a6 12. b4 Ne5 13. b5 Qe8 14. Rab1
h5 15. bxa6 Qxa4 16. axb7+ Kb8 17. Nxa4 h4 18. h3 Nc4 19. Bd4 Nd2 20. Nc3 Nxb1
21. Rxb1 c5 22. Be3 Rd7 23. Nb5 Rxb7 24. c4 Be7 25. a4 Kc8 26. Bf4 Kd7 27. Rd1
Rb6 28. e5 Ra8 29. exd6 Bf6 30. Be3 Rxa4 31. Bxc5 Rc6 32. Be3 Raxc4 33. Kf1 Rb4
34. Na7 Rxd6 35. Rc1 Ra6 36. Nc8 Ra1 37. Nb6+ Ke6 38. Rxa1 Bxa1 39. Ke2 Bd4 40.
Bxd4 Rxd4 41. Nc8 Kd7 42. Na7 Rb4 43. Kd3 Rb7 0-1

[Event "Titled Tue 26th Aug Early"]
[Site "chess.com INT"]
[Date "2025.08.26"]
[Round "10"]
[White "Megalios, Konstantinos"]
[Black "Alonso Rosell, Alvar"]
[Result "1-0"]
[WhiteTitle "IM"]
[BlackTitle "GM"]
[WhiteElo "2383"]
[BlackElo "2536"]
[WhiteFideId "4238044"]
[BlackFideId "2270544"]
[EventDate "2025.08.26"]

1. d4 Nf6 2. c4 c5 3. d5 b5 4. cxb5 a6 5. bxa6 e6 6. Nc3 exd5 7. Nxd5 Nxa6 8.
Nf3 Bb7 9. e4 Nxd5 10. exd5 Nb4 11. Bc4 Qe7+ 12. Be3 Qe4 13. Qb3 Nc2+ 14. Kd2
Nxa1 15. Rxa1 Bd6 16. Qxb7 Rb8 17. Qa6 Rxb2+ 18. Ke1 O-O 19. Kf1 Rfb8 20. Re1
Rb1 21. Nd2 Rxe1+ 22. Kxe1 Qe5 23. g3 Bf8 24. h4 h6 25. Qa7 Qd6 26. Kf1 Re8 27.
Kg2 g6 28. Qa6 Qe5 29. Qb5 d6 30. a4 Qc3 31. Qxe8 1-0

[Event "Titled Tue 26th Aug Early"]
[Site "chess.com INT"]
[Date "2025.08.26"]
[Round "10"]
[White "Baches Garcia, Guillermo"]
[Black "Fronda, Jan Jodilyn"]
[Result "0-1"]
[WhiteTitle "IM"]
[BlackTitle "WIM"]
[WhiteElo "2305"]
[BlackElo "2115"]
[WhiteFideId "2209764"]
[BlackFideId "5204585"]
[EventDate "2025.08.26"]

1. Nf3 d5 2. d4 Nf6 3. c4 e6 4. g3 dxc4 5. Qa4+ Nbd7 6. Qxc4 a6 7. Bg2 b5 8. Qc2
Bb7 9. O-O Rc8 10. Bf4 c5 11. dxc5 Bxc5 12. Qd1 O-O 13. Nbd2 Qb6 14. Nb3 Be7 15.
Be3 Qc7 16. Rc1 Qb8 17. Na5 Bd5 18. a3 Rxc1 19. Qxc1 Rc8 20. Qd1 Bc5 21. Bxc5
Nxc5 22. Qd4 Qc7 23. b4 Nb7 24. Nxb7 Qxb7 25. Rd1 h6 26. Ne1 Bxg2 27. Nxg2 Rc2
28. Nf4 Qc7 29. Qe3 Rc3 30. Rd3 Rc1+ 31. Kg2 Qc6+ 32. f3 Qc7 33. h4 Rc4 34. Qd2
Kh7 35. Qe3 Rc2 36. Rd2 Qc3 37. Rd3 Qe1 38. Qf2 Qb1 39. Qe3 Qe1 40. Qf2 Qc1 41.
Qe3 Qxe3 42. Rxe3 g5 43. hxg5 hxg5 44. Nd3 Kg6 45. Nc5 Nd5 46. Re4 Nc3 47. Re3
Nxe2 48. Kh3 Ng1+ 0-1

[Event "Titled Tue 26th Aug Early"]
[Site "chess.com INT"]
[Date "2025.08.26"]
[Round "10"]
[White "Tureshbayev, Anuar"]
[Black "Southcott-Moyers, Indy"]
[Result "1-0"]
[WhiteTitle "CM"]
[BlackTitle "FM"]
[WhiteElo "2214"]
[BlackElo "2276"]
[WhiteFideId "651081709"]
[BlackFideId "488542"]
[EventDate "2025.08.26"]

1. Nf3 d5 2. e3 Nf6 3. b3 Bg4 4. Bb2 e6 5. Be2 Be7 6. d4 O-O 7. Nbd2 c5 8. O-O
Nc6 9. h3 Bh5 10. Ne5 Bxe2 11. Qxe2 Nxe5 12. dxe5 Nd7 13. f4 Rc8 14. c4 dxc4 15.
Nxc4 b5 16. Nd6 Bxd6 17. exd6 Rc6 18. Rad1 a6 19. e4 c4 20. bxc4 bxc4 21. Bc3
Re8 22. Rf3 e5 23. fxe5 Nxe5 24. Rf5 f6 25. Bxe5 Rxe5 26. Rxe5 fxe5 27. d7 c3
28. Qh5 g6 29. Qxe5 c2 30. Qe8+ Kg7 31. Rc1 Qg5 32. Rf1 Qc5+ 33. Kh1 c1=Q 34.
Qf7+ Kh6 35. d8=Q Q1g5 36. Qdf8+ Qxf8 37. Qxf8+ Kh5 38. g4+ Kh4 39. Qf2+ Kxh3
40. Qh2+ Kxg4 41. Rg1+ Kf3 42. Rxg5 Rc1+ 43. Rg1 1-0

[Event "Titled Tue 26th Aug Early"]
[Site "chess.com INT"]
[Date "2025.08.26"]
[Round "10"]
[White "Zepeda Berlanga, Jan Enrique"]
[Black "Pontes, Luiz Felizola Lima"]
[Result "0-1"]
[WhiteTitle "CM"]
[WhiteElo "2003"]
[BlackElo "1871"]
[WhiteFideId "5132355"]
[BlackFideId "44709919"]
[EventDate "2025.08.26"]

1. e4 c5 2. Nf3 e6 3. d4 cxd4 4. Nxd4 Nc6 5. Nc3 Qc7 6. Nxc6 bxc6 7. Bd3 d5 8.
O-O Bb7 9. Re1 Nf6 10. b3 Bd6 11. exd5 cxd5 12. Bb5+ Kf8 13. Bb2 Bxh2+ 14. Kh1
Bd6 15. Be2 a6 16. Bf3 Rc8 17. Rc1 Bb4 18. Re3 d4 19. Qxd4 Bc5 20. Qd3 Bxe3 21.
Qxe3 Bxf3 22. Qxf3 Qc6 23. Qf4 Qc7 24. Qb4+ Kg8 25. Ne4 Nd5 26. Qd4 f6 27. c4
Qf4 28. cxd5 Rxc1+ 29. Bxc1 Qxc1+ 30. Kh2 Qf4+ 31. g3 Qe5 0-1

[Event "Titled Tue 26th Aug Early"]
[Site "chess.com INT"]
[Date "2025.08.26"]
[Round "10"]
[White "Kuznetsov, Felix"]
[Black "Setumadhav, Yellumahanthi"]
[Result "1-0"]
[WhiteTitle "FM"]
[BlackTitle "FM"]
[WhiteElo "2171"]
[BlackElo "2226"]
[WhiteFideId "34147990"]
[BlackFideId "25920669"]
[EventDate "2025.08.26"]

1. e4 e5 2. Nc3 Nf6 3. f4 d5 4. fxe5 Nxe4 5. Qf3 f5 6. d3 Nxc3 7. bxc3 d4 8. Qg3
Nc6 9. Be2 Be6 10. c4 Qd7 11. Bf3 Nb4 12. Rb1 Nxc2+ 13. Kf1 c6 14. Ne2 Ne3+ 15.
Bxe3 dxe3 16. Nf4 O-O-O 17. Ke2 Be7 18. Rhd1 g5 19. Nxe6 Qxe6 20. Qe1 g4 21. Qa5
gxf3+ 22. gxf3 a6 23. Rb6 Qg6 24. Rxa6 Qg2+ 25. Kxe3 f4+ 26. Ke4 Qe2+ 27. Kf5
Rhf8+ 28. Ke6 Qxd1 29. Ra8# 1-0

[Event "Titled Tue 26th Aug Early"]
[Site "chess.com INT"]
[Date "2025.08.26"]
[Round "10"]
[White "Bulgak, Damir"]
[Black "Rossi, Maximiliano"]
[Result "1-0"]
[WhiteTitle "CM"]
[WhiteElo "2254"]
[BlackElo "2013"]
[WhiteFideId "13528882"]
[BlackFideId "113425"]
[EventDate "2025.08.26"]

1. e4 e6 2. d4 d5 3. Nd2 dxe4 4. Nxe4 Bd7 5. Nf3 Bc6 6. Bd3 Bxe4 7. Bxe4 c6 8.
O-O Nf6 9. Bd3 g6 10. Qe2 Bg7 11. b3 O-O 12. Ba3 Re8 13. c4 Nbd7 14. Rad1 Qc7
15. Ne5 Bf8 16. Bb2 Bg7 17. f4 c5 18. dxc5 Nxc5 19. Bc2 Rad8 20. b4 Na6 21. a3
Rxd1 22. Rxd1 Rd8 23. Bb3 Nb8 24. c5 Nd5 25. Bxd5 exd5 26. Qf3 f6 27. Ng4 Qc6
28. Re1 Kf7 29. f5 g5 30. Re6 Qa4 31. Bxf6 Re8 32. Bxg7 Kxg7 33. Qc3+ d4 34.
Qxd4+ 1-0

[Event "Titled Tue 26th Aug Early"]
[Site "chess.com INT"]
[Date "2025.08.26"]
[Round "10"]
[White "Dyachuk, Artem"]
[Black "Ivannikov, Maksim"]
[Result "0-1"]
[WhiteTitle "FM"]
[BlackTitle "CM"]
[WhiteElo "2298"]
[BlackElo "2100"]
[WhiteFideId "34107924"]
[BlackFideId "34275339"]
[EventDate "2025.08.26"]

1. e4 e5 2. Nf3 Nc6 3. Bb5 a6 4. Ba4 Nf6 5. O-O Be7 6. Bxc6 dxc6 7. Qe1 Nd7 8.
d4 exd4 9. Nxd4 O-O 10. Nc3 Re8 11. Bf4 Bc5 12. Rd1 Qf6 13. Be3 Ne5 14. f4 Ng4
15. e5 Qh6 16. h3 Nxe3 17. Qxe3 Bf5 18. Rd2 Rad8 19. Nce2 Rd5 20. c4 Rdxe5 21.
Qf2 Rxe2 22. Rxe2 Rxe2 23. Qxe2 Bxd4+ 24. Kh2 Qe6 25. Qd2 c5 26. Re1 Qd7 27. Qe2
Kf8 28. g4 Bd3 29. Qf3 Bxc4 30. Qxb7 Qd8 31. b3 Bc3 32. Rg1 Qd2+ 33. Kg3 Qe3+
34. Kh4 Bf6+ 35. Kh5 g6+ 36. Kh6 Qxh3# 0-1

[Event "Titled Tue 26th Aug Early"]
[Site "chess.com INT"]
[Date "2025.08.26"]
[Round "10"]
[White "Ivanov, Alexander"]
[Black "Gustafsson, Jan"]
[Result "0-1"]
[WhiteTitle "GM"]
[BlackTitle "GM"]
[WhiteElo "2376"]
[BlackElo "2591"]
[WhiteFideId "2000202"]
[BlackFideId "4625498"]
[EventDate "2025.08.26"]

1. e4 e5 2. Nf3 Nc6 3. Bc4 Nf6 4. d3 Bc5 5. c3 O-O 6. O-O d5 7. exd5 Nxd5 8. h3
Kh8 9. Re1 f6 10. Nbd2 Bb6 11. Ne4 Be6 12. Bb3 Qd7 13. d4 exd4 14. cxd4 Rad8 15.
Nc5 Bxc5 16. dxc5 Bg8 17. Nh4 Ndb4 18. Qh5 Bxb3 19. Ng6+ Kg8 20. Nxf8 Kxf8 21.
axb3 Nc2 22. Bf4 Nxa1 23. Rxa1 Kg8 24. Re1 Qf7 25. Qg4 h5 26. Qf3 Qd5 27. Qe3
Rd7 28. h4 Kh7 29. Kh2 Qf5 30. Re2 Rd3 31. Qe4 Qxe4 32. Rxe4 Rxb3 33. Bxc7 Rxb2
34. Kg3 a5 35. Ra4 Rb5 36. Bb6 Rb4 37. Ra3 a4 38. f3 Kg6 39. Kf2 Nd4 40. Ke1
Nc2+ 0-1

[Event "Titled Tue 26th Aug Early"]
[Site "chess.com INT"]
[Date "2025.08.26"]
[Round "10"]
[White "Shapiro, Daniel"]
[Black "Buscar, Michael"]
[Result "0-1"]
[WhiteTitle "FM"]
[WhiteElo "2284"]
[BlackElo "2015"]
[WhiteFideId "2001780"]
[BlackFideId "2603616"]
[EventDate "2025.08.26"]

1. d4 d5 2. c4 e6 3. Nf3 c5 4. cxd5 exd5 5. g3 Nc6 6. Bg2 Nf6 7. O-O Be7 8. Nc3
O-O 9. dxc5 Bxc5 10. Bg5 Be7 11. Nd4 Re8 12. Rc1 Bg4 13. Re1 Rc8 14. Nxc6 bxc6
15. Qa4 Qd7 16. Be3 Rb8 17. Bd4 Rb4 18. Qxa7 Qxa7 19. Bxa7 Rxb2 20. Bd4 Rb4 21.
e3 Ra8 22. Rb1 Bf5 23. Rxb4 Bxb4 24. Rc1 Nd7 25. e4 dxe4 26. Nxe4 Rxa2 27. h4
Nb8 28. Nc5 h6 29. Nb7 Rd2 30. Be3 Rd7 31. Nc5 Rd8 32. Nb7 Rd7 33. Nc5 Rc7 34.
Na6 Nxa6 35. Bxc6 Bd7 36. Bxd7 Rxd7 37. Rc8+ Kh7 38. Ra8 Rd6 39. Rf8 Rd1+ 0-1

[Event "Titled Tue 26th Aug Early"]
[Site "chess.com INT"]
[Date "2025.08.26"]
[Round "10"]
[White "Naroditsky, Daniel"]
[Black "Dubnevych, Maksym"]
[Result "0-1"]
[WhiteTitle "GM"]
[BlackTitle "FM"]
[WhiteElo "2619"]
[BlackElo "2296"]
[WhiteFideId "2026961"]
[BlackFideId "14184001"]
[EventDate "2025.08.26"]

1. e4 e5 2. Nf3 Nc6 3. Nc3 Nf6 4. Nd5 Nxe4 5. d3 Nf6 6. Nc3 h6 7. d4 exd4 8.
Nxd4 Bc5 9. Be3 Bxd4 10. Bxd4 O-O 11. Be2 Re8 12. O-O Nxd4 13. Qxd4 d6 14. Rad1
Bf5 15. Bf3 Bxc2 16. Rd2 Bg6 17. Bxb7 Rb8 18. Qxa7 Ng4 19. h3 Ne5 20. Bd5 c6 21.
f4 cxd5 22. fxe5 Rxe5 23. Nxd5 Ra8 24. Qd4 Rxa2 25. Nb4 Re4 26. Qc5 Ra5 27. Rxd6
Rxc5 28. Rxd8+ Kh7 29. Nd5 Rc2 30. Ra1 Rxb2 31. Raa8 Re1+ 32. Kh2 Be4 33. Nf4 g5
34. Rh8+ Kg7 35. Rag8+ Kf6 36. Rxh6+ Kf5 37. Rh5 f6 38. Rf8 Kxf4 39. Rxf6+ Ke5 0-1